[Event "Titled Tue 26th Aug Early"]
[Site "chess.com INT"]
[Date "2025.08.26"]
[Round "6"]
[White "Al-Tarboush, Ward"]
[Black "Arslanov, Shamil"]
[Result "1-0"]
[WhiteTitle "FM"]
[BlackTitle "IM"]
[WhiteElo "2224"]
[BlackElo "2410"]
[WhiteFideId "7601450"]
[BlackFideId "4192826"]
[EventDate "2025.08.26"]

1. e4 d5 2. exd5 Qxd5 3. Nc3 Qa5 4. d4 e5 5. Nf3 Bg4 6. Be2 exd4 7. Qxd4 Nf6 8.
O-O Nc6 9. Qe3+ Be7 10. Bd2 O-O-O 11. Bb5 Rhe8 12. Bxc6 bxc6 13. Rad1 Qb6 14. h3
Qxe3 15. Bxe3 Bf5 16. Nd4 Bd7 17. Nb3 a6 18. Na4 Nd5 19. Bc5 Bf6 20. Bd4 Bf5 21.
Bxf6 Nxf6 22. Nd4 Bg6 23. Nc5 Rd5 24. b4 a5 25. a3 Red8 26. c3 Ne4 27. Nxe4 Bxe4
28. Rfe1 Bg6 29. Ra1 c5 30. Nc6 R8d6 31. Ne7+ Kb7 32. Nxd5 Rxd5 33. bxa5 Ka6 34.
Rad1 Bd3 35. c4 Rd4 36. Re7 c6 37. Rxf7 g5 38. Rc7 Kxa5 39. Rxc6 Ka4 40. Rxc5
Kxa3 41. Rd5 1-0

[Event "Titled Tue 26th Aug Early"]
[Site "chess.com INT"]
[Date "2025.08.26"]
[Round "6"]
[White "Fellowes, Billy"]
[Black "Garcia, Jhoel"]
[Result "1-0"]
[WhiteTitle "CM"]
[BlackTitle "IM"]
[WhiteElo "2122"]
[BlackElo "2277"]
[WhiteFideId "483540"]
[BlackFideId "3801110"]
[EventDate "2025.08.26"]

1. d4 d5 2. Nc3 c6 3. e4 dxe4 4. Nxe4 Nf6 5. Ng5 Bf5 6. N1f3 Nbd7 7. Nh4 Bg6 8.
Bc4 e6 9. Qe2 Nd5 10. f4 Be7 11. Nxg6 hxg6 12. O-O Bxg5 13. fxg5 Qc7 14. h3 N7b6
15. Bd3 O-O 16. a3 c5 17. c4 Ne7 18. Bf4 Qc8 19. Bd6 Re8 20. dxc5 Nd7 21. Qf2
Nf5 22. Bxf5 exf5 23. g4 Ne5 24. gxf5 Nxc4 25. fxg6 fxg6 26. Qf7+ Kh7 27. Qxc4
Qxh3 28. Rf2 1-0

[Event "Titled Tue 26th Aug Early"]
[Site "chess.com INT"]
[Date "2025.08.26"]
[Round "6"]
[White "Dicen, Elis Denele"]
[Black "Moskvin, Anatoly"]
[Result "1-0"]
[WhiteTitle "WFM"]
[BlackTitle "CM"]
[WhiteElo "2069"]
[BlackElo "2192"]
[WhiteFideId "462560"]
[BlackFideId "24199990"]
[EventDate "2025.08.26"]

1. e4 e6 2. d3 c5 3. Nf3 Nc6 4. Nbd2 g6 5. g3 Bg7 6. Bg2 Nge7 7. O-O O-O 8. c3
Rb8 9. Qe2 d6 10. Re1 b5 11. Nf1 a5 12. h4 b4 13. c4 a4 14. Rb1 Bb7 15. N1h2 d5
16. h5 dxe4 17. dxe4 Nd4 18. Nxd4 cxd4 19. Bd2 Ba6 20. b3 Nc6 21. hxg6 hxg6 22.
Ng4 axb3 23. axb3 d3 24. Qf3 Bc3 25. Red1 Bxd2 26. Rxd2 Nd4 27. Qxd3 Nf3+ 28.
Bxf3 1-0

[Event "Titled Tue 26th Aug Early"]
[Site "chess.com INT"]
[Date "2025.08.26"]
[Round "6"]
[White "Subervi, Jonathan Sigfredo"]
[Black "Dreelinck, Jacob"]
[Result "0-1"]
[WhiteTitle "FM"]
[BlackTitle "FM"]
[WhiteElo "2007"]
[BlackElo "2278"]
[WhiteFideId "6400345"]
[BlackFideId "250511"]
[EventDate "2025.08.26"]

1. e4 e5 2. f4 exf4 3. Nf3 g5 4. Nc3 Nc6 5. d4 g4 6. Bc4 gxf3 7. Qxf3 Nxd4 8.
Qxf4 Qf6 9. Qxf6 Nxf6 10. O-O Nxc2 11. Rxf6 Bc5+ 12. Kh1 Nxa1 13. Bxf7+ Ke7 14.
Nd5+ Kd8 15. Bg5 Be7 16. e5 h6 17. Bh4 d6 18. Nxe7 Kxe7 19. Rxh6+ Kxf7 20. Rxh8
dxe5 0-1

[Event "Titled Tue 26th Aug Early"]
[Site "chess.com INT"]
[Date "2025.08.26"]
[Round "6"]
[White "Sindarov, Javokhir"]
[Black "Le, Tuan Minh"]
[Result "0-1"]
[WhiteTitle "GM"]
[BlackTitle "GM"]
[WhiteElo "2722"]
[BlackElo "2598"]
[WhiteFideId "14205483"]
[BlackFideId "12401153"]
[EventDate "2025.08.26"]

1. e4 e5 2. Nf3 Nc6 3. Bc4 Bc5 4. Nc3 Nf6 5. d3 d6 6. O-O h6 7. Na4 Bb6 8. a3
O-O 9. b4 Ne7 10. Re1 Ng6 11. h3 Re8 12. c3 c6 13. Nxb6 axb6 14. Bb3 d5 15. Qc2
Be6 16. c4 dxe4 17. dxe4 Nh5 18. Kh2 Qf6 19. Qc3 Rad8 20. Ra2 Nhf4 21. Rd2 Rxd2
22. Bxd2 Rd8 23. Bxf4 Nxf4 24. Qxe5 Qxe5 25. Nxe5 Rd2 26. Re3 f6 27. Nf3 Rxf2
28. Kg3 Rxg2+ 29. Kxf4 g5+ 30. Nxg5 hxg5+ 31. Kf3 Rh2 32. c5 Bxb3 0-1

[Event "Titled Tue 26th Aug Early"]
[Site "chess.com INT"]
[Date "2025.08.26"]
[Round "6"]
[White "Srihari, L R"]
[Black "Wen, Gehua"]
[Result "1-0"]
[WhiteTitle "GM"]
[BlackTitle "CM"]
[WhiteElo "2482"]
[BlackElo "2196"]
[WhiteFideId "46617116"]
[BlackFideId "8603430"]
[EventDate "2025.08.26"]

1. e4 e6 2. Nf3 d5 3. exd5 exd5 4. d4 Bd6 5. Bd3 Ne7 6. O-O Nbc6 7. c3 Bg4 8. h3
Bh5 9. Nbd2 Qd7 10. Re1 O-O 11. Ne5 Bxd1 12. Nxd7 Rfd8 13. Nf6+ gxf6 14. Rxd1
Ng6 15. Nf3 Nf4 16. Bf1 Re8 17. g3 Ne2+ 18. Bxe2 Rxe2 19. Kf1 Re7 20. Nh4 Re4
21. Nf5 Bf8 22. Bf4 Rc8 23. Re1 Ne7 24. Rxe4 dxe4 25. Nxe7+ Bxe7 26. Re1 f5 27.
f3 c5 28. d5 Rd8 29. fxe4 fxe4 30. Rxe4 Bd6 31. Bxd6 Rxd6 32. c4 Kf8 33. Ke2 Rb6
34. b3 a5 35. Kd3 a4 36. Kc3 axb3 37. axb3 Rf6 38. Rf4 Rg6 39. g4 Rh6 40. Rf3
Ra6 41. Kd3 Ra1 42. Ke4 Re1+ 43. Re3 Rf1 44. d6 Ke8 45. Kd5+ Kd7 46. Re7+ Kd8
47. Rxb7 1-0

[Event "Titled Tue 26th Aug Early"]
[Site "chess.com INT"]
[Date "2025.08.26"]
[Round "6"]
[White "Lortkipanidze, Nodar"]
[Black "Shevchenko, Yaroslav"]
[Result "0-1"]
[WhiteTitle "IM"]
[WhiteElo "2359"]
[BlackElo "2134"]
[WhiteFideId "13604058"]
[BlackFideId "34144684"]
[EventDate "2025.08.26"]

1. e4 c5 2. c3 d5 3. exd5 Qxd5 4. d4 Nf6 5. Nf3 e6 6. Bd3 Be7 7. O-O O-O 8. Qe2
Rd8 9. Bc2 cxd4 10. Nxd4 Nc6 11. Nf3 e5 12. Bb3 Qa5 13. Ng5 Nd5 14. Rd1 Bxg5 15.
Bxg5 f6 16. Bd2 Be6 17. Na3 Qc7 18. Nc2 Qf7 19. Re1 Rd7 20. f4 Nxf4 21. Bxf4
Bxb3 22. axb3 exf4 23. b4 Rad8 24. Qf2 Rd2 25. Re2 Rxe2 26. Qxe2 a6 27. Rf1 g5
28. Re1 Qd5 29. Qg4 Ne5 30. Qf5 Nf3+ 31. gxf3 Qxf5 0-1

[Event "Titled Tue 26th Aug Early"]
[Site "chess.com INT"]
[Date "2025.08.26"]
[Round "6"]
[White "Almedina Ortiz, Edgardo J."]
[Black "Guliev, Gasan"]
[Result "0-1"]
[WhiteTitle "FM"]
[BlackTitle "CM"]
[WhiteElo "2210"]
[BlackElo "2123"]
[WhiteFideId "3100197"]
[BlackFideId "34165638"]
[EventDate "2025.08.26"]

1. d4 d5 2. Nf3 Nf6 3. g3 g6 4. Bg2 Bg7 5. O-O O-O 6. c4 dxc4 7. Na3 c5 8. dxc5
Nbd7 9. c6 bxc6 10. Nxc4 Ba6 11. Qc2 Nb6 12. Nce5 Rc8 13. Rd1 Qc7 14. Bf4 Qb7
15. Nd4 Nfd5 16. Rac1 Nxf4 17. gxf4 Nd5 18. e3 e6 19. Nexc6 Bxd4 20. Rxd4 Bb5
21. Rxd5 exd5 22. Bxd5 Bxc6 23. Bxc6 Qa6 24. b4 Qb6 25. b5 Rcd8 26. Qb3 Rd2 27.
Rc4 Qd8 28. Ra4 Qh4 0-1

[Event "Titled Tue 26th Aug Early"]
[Site "chess.com INT"]
[Date "2025.08.26"]
[Round "6"]
[White "Herbrig, Alexander"]
[Black "Arca, Christian Gian Karlo"]
[Result "0-1"]
[WhiteTitle "FM"]
[BlackTitle "FM"]
[WhiteElo "2292"]
[BlackElo "2407"]
[WhiteFideId "12952044"]
[BlackFideId "5258138"]
[EventDate "2025.08.26"]

1. d4 Nf6 2. Nf3 c5 3. d5 d6 4. Nc3 g6 5. e4 Bg7 6. Bd3 O-O 7. O-O Bg4 8. h3
Bxf3 9. Qxf3 Nbd7 10. Bg5 a6 11. a4 Rb8 12. Qe3 Re8 13. f4 Qc7 14. Rae1 Nh5 15.
g4 Bd4 16. gxh5 Bxe3+ 17. Rxe3 c4 18. Be2 Qc5 19. Rf3 f6 20. Bh4 Rf8 21. Bf2 Qb4
22. Rg3 Qxb2 23. Bg4 Nc5 24. hxg6 h5 25. Bxh5 Kg7 26. e5 fxe5 27. fxe5 Qxc2 28.
Re2 Qc1+ 29. Kg2 Nd3 30. exd6 Nf4+ 31. Kf3 Nxh5+ 32. Kg4 Qf4+ 33. Kxh5 Rh8# 0-1

[Event "Titled Tue 26th Aug Early"]
[Site "chess.com INT"]
[Date "2025.08.26"]
[Round "6"]
[White "Skliarov, Viktor"]
[Black "Dishman, Stephen"]
[Result "1-0"]
[WhiteTitle "IM"]
[BlackTitle "FM"]
[WhiteElo "2334"]
[BlackElo "2254"]
[WhiteFideId "14106736"]
[BlackFideId "403024"]
[EventDate "2025.08.26"]

1. e4 c6 2. d4 d5 3. e5 c5 4. dxc5 e6 5. a3 Bxc5 6. b4 Be7 7. Qg4 g6 8. Nf3 h5
9. Qf4 Nh6 10. Bb2 Nd7 11. h4 Nf5 12. Nbd2 b6 13. c4 Bb7 14. Bd3 Kf8 15. cxd5
Bxd5 16. Ne4 Rc8 17. Neg5 Kg7 18. Rd1 Qc7 19. Bxf5 gxf5 20. Rxd5 exd5 21. Qxf5
Qc2 22. Qxf7+ Kh6 23. O-O Qxb2 24. Qxe7 Rcd8 25. Nf7+ Kg6 26. Nxh8+ Rxh8 27.
Qxd7 Rf8 28. Qxd5 Qe2 29. Re1 Qc2 30. e6 Rf5 31. Qxf5+ Kxf5 32. Nd4+ 1-0

[Event "Titled Tue 26th Aug Early"]
[Site "chess.com INT"]
[Date "2025.08.26"]
[Round "6"]
[White "Aalto, Patrik"]
[Black "Gbiorczyk, Mikolaj"]
[Result "0-1"]
[WhiteTitle "FM"]
[BlackTitle "CM"]
[WhiteElo "2335"]
[BlackElo "2070"]
[WhiteFideId "510726"]
[BlackFideId "21080763"]
[EventDate "2025.08.26"]

1. c4 f5 2. d4 Nf6 3. Nf3 g6 4. Nc3 Bg7 5. g3 O-O 6. Bg2 d6 7. O-O c6 8. b3 e5
9. dxe5 dxe5 10. Qc2 e4 11. Nd2 Na6 12. a3 Qe7 13. e3 Nc5 14. a4 Rd8 15. Ba3 Be6
16. b4 Ncd7 17. c5 Ne5 18. Rad1 Nd3 19. f3 exf3 20. Nxf3 Bc4 21. Ne2 Qxe3+ 22.
Kh1 Nf2+ 23. Rxf2 Rxd1+ 24. Qxd1 Qxf2 25. Nf4 Re8 26. Qg1 Qa2 27. Bc1 Ng4 28. h3
Nf2+ 29. Kh2 Nd3 30. Nxd3 Bxd3 31. Bf4 Re2 32. Kh1 Be4 33. Qd1 Rxg2 34. Qd8+ Bf8
35. Bh6 Rh2+ 36. Kg1 Qf2# 0-1

[Event "Titled Tue 26th Aug Early"]
[Site "chess.com INT"]
[Date "2025.08.26"]
[Round "6"]
[White "Ivanov, Alexander"]
[Black "Galstyan, David"]
[Result "1-0"]
[WhiteTitle "GM"]
[BlackTitle "FM"]
[WhiteElo "2376"]
[BlackElo "2284"]
[WhiteFideId "2000202"]
[BlackFideId "54516196"]
[EventDate "2025.08.26"]

1. e4 c5 2. Nf3 Nc6 3. d4 cxd4 4. Nxd4 e5 5. Nb5 d6 6. N1c3 Nf6 7. Nd5 Nxd5 8.
exd5 Nd4 9. Nxd4 Qa5+ 10. Bd2 Qxd5 11. Nb3 Bf5 12. Be3 Qc6 13. c3 d5 14. Bd3
Bxd3 15. Qxd3 O-O-O 16. Qf5+ Rd7 17. Qxe5 Bd6 18. Qxg7 Re8 19. O-O f5 20. Qd4 f4
21. Bd2 f3 22. g3 Re4 23. Qh8+ Rd8 24. Qxh7 Be5 25. Qf5+ Kb8 26. Qxf3 Rh8 27.
Nd4 Qc8 28. Rae1 Qh3 29. Qg2 1-0

[Event "Titled Tue 26th Aug Early"]
[Site "chess.com INT"]
[Date "2025.08.26"]
[Round "6"]
[White "Gavilan Diaz, Mario"]
[Black "Buchenau, Frank"]
[Result "1-0"]
[WhiteTitle "FM"]
[BlackTitle "FM"]
[WhiteElo "2195"]
[BlackElo "2205"]
[WhiteFideId "2260905"]
[BlackFideId "4604350"]
[EventDate "2025.08.26"]

1. e4 e6 2. d4 d5 3. Bd3 dxe4 4. Bxe4 Nf6 5. Bf3 c5 6. Ne2 Nc6 7. Be3 cxd4 8.
Nxd4 Ne5 9. Qe2 a6 10. Nc3 Nxf3+ 11. Qxf3 e5 12. Nf5 e4 13. Qf4 Qd7 14. Ng3 Bd6
15. Qh4 Be5 16. O-O Bxc3 17. bxc3 Qg4 18. Qxg4 Bxg4 19. Bd4 O-O 20. h3 Be6 21.
Rfe1 Rac8 22. a4 a5 23. Rab1 Bd5 24. Nf5 Kh8 25. Ne7 Rc7 26. Bxf6 gxf6 27. Nxd5 1-0

[Event "Titled Tue 26th Aug Early"]
[Site "chess.com INT"]
[Date "2025.08.26"]
[Round "6"]
[White "Terkiewicz, Bruno"]
[Black "Troltenier, Dirk"]
[Result "1-0"]
[WhiteTitle "CM"]
[BlackTitle "FM"]
[WhiteElo "2128"]
[BlackElo "2162"]
[WhiteFideId "21093245"]
[BlackFideId "4606400"]
[EventDate "2025.08.26"]

1. Nc3 d5 2. d4 Nf6 3. Bf4 c5 4. e3 a6 5. Nf3 Nc6 6. Ne5 cxd4 7. exd4 Bf5 8. g4
Bc8 9. g5 Ne4 10. Nxc6 Nxc3 11. Nxd8 Nxd1 12. Nxf7 Kxf7 13. Rxd1 Bf5 14. Bd3 Bg4
15. Rd2 e6 16. O-O Bh5 17. Be5 Be7 18. f4 Bg6 19. f5 exf5 20. Bxf5 Bxf5 21.
Rxf5+ Kg6 22. Rdf2 Rhf8 23. Rxf8 Rxf8 24. h4 Rxf2 25. Kxf2 h6 26. gxh6 gxh6 27.
Kg3 Kh5 28. Kf4 1-0

[Event "Titled Tue 26th Aug Early"]
[Site "chess.com INT"]
[Date "2025.08.26"]
[Round "6"]
[White "Erigaisi, Arjun"]
[Black "Grischuk, Alexander"]
[Result "0-1"]
[WhiteTitle "GM"]
[BlackTitle "GM"]
[WhiteElo "2776"]
[BlackElo "2667"]
[WhiteFideId "35009192"]
[BlackFideId "4126025"]
[EventDate "2025.08.26"]

1. d4 d5 2. Nc3 Nf6 3. Bf4 g6 4. e3 Bg7 5. h4 h5 6. Nf3 O-O 7. Ne5 c5 8. Qd2 Nc6
9. f3 cxd4 10. exd4 Bf5 11. Bb5 Nxe5 12. dxe5 Nd7 13. O-O-O Nxe5 14. Rhe1 d4 15.
Bxe5 dxc3 16. Qxc3 Bh6+ 17. Kb1 Qb6 18. Bd7 Rac8 19. Bxc8 Rxc8 20. Qa3 Bxc2+ 21.
Ka1 Bxd1 22. Rxd1 Qe3 23. Qxe3 Bxe3 24. Bc3 Bf2 25. Rd7 Bxh4 26. Rxb7 Bf6 27.
Rxa7 Bxc3 28. bxc3 Rxc3 29. Rxe7 Rc2 30. g4 h4 31. Re1 h3 0-1

[Event "Titled Tue 26th Aug Early"]
[Site "chess.com INT"]
[Date "2025.08.26"]
[Round "6"]
[White "Chen, Yidong"]
[Black "Brilej, Jaka"]
[Result "0-1"]
[BlackTitle "FM"]
[WhiteElo "2068"]
[BlackElo "2334"]
[WhiteFideId "8607028"]
[BlackFideId "14618818"]
[EventDate "2025.08.26"]

1. e4 c5 2. Nf3 d6 3. d4 cxd4 4. Nxd4 Nf6 5. Nc3 a6 6. Be3 e5 7. Nb3 Be6 8. h3
Nbd7 9. g4 h6 10. Qd2 Rc8 11. O-O-O b5 12. f4 Be7 13. f5 Bc4 14. Qg2 Bxf1 15.
Rhxf1 Rxc3 16. bxc3 Qc7 17. Kb2 a5 18. Rd3 a4 19. Nd2 a3+ 20. Ka1 Bd8 21. Rb1
Qc6 22. c4 bxc4 23. Rxa3 c3 24. Nb3 Nxe4 25. Rd1 O-O 26. g5 Bxg5 27. Bxg5 hxg5
28. h4 f6 29. hxg5 fxg5 30. Ra7 Ndf6 31. Rh1 Ra8 32. Rxa8+ Qxa8 0-1

[Event "Titled Tue 26th Aug Early"]
[Site "chess.com INT"]
[Date "2025.08.26"]
[Round "6"]
[White "Galchenko, Matvey"]
[Black "Pavlov, Nikolay"]
[Result "1-0"]
[WhiteTitle "IM"]
[BlackTitle "FM"]
[WhiteElo "2435"]
[BlackElo "2316"]
[WhiteFideId "24175480"]
[BlackFideId "24141470"]
[EventDate "2025.08.26"]

1. f4 g6 2. Nf3 Bg7 3. g3 c5 4. Bg2 Nc6 5. O-O Nf6 6. d3 d5 7. Nc3 O-O 8. e4 d4
9. Ne2 Rb8 10. h3 b5 11. a3 a5 12. g4 a4 13. Ng3 c4 14. g5 Nd7 15. h4 Nc5 16.
Ne1 Ba6 17. h5 b4 18. e5 Qd7 19. Ne4 Nxe4 20. Bxe4 b3 21. Qf3 Rfc8 22. dxc4 Bxc4
23. Rf2 d3 24. c3 Rb5 25. Be3 Bd5 26. Nxd3 Bxe4 27. Qxe4 Qg4+ 28. Rg2 Qxh5 29.
c4 Rbb8 30. Nf2 Qe2 31. Ng4 Qxg2+ 32. Kxg2 Na5 33. Rc1 Rc6 34. Bd2 1-0

[Event "Titled Tue 26th Aug Early"]
[Site "chess.com INT"]
[Date "2025.08.26"]
[Round "6"]
[White "Vasquez Schroeder, Rodrigo"]
[Black "Sharipov, Davron"]
[Result "1-0"]
[WhiteTitle "GM"]
[BlackTitle "FM"]
[WhiteElo "2446"]
[BlackElo "2333"]
[WhiteFideId "3400042"]
[BlackFideId "14212358"]
[EventDate "2025.08.26"]

1. e4 c5 2. Nf3 g6 3. d4 cxd4 4. Nxd4 Bg7 5. c4 Nc6 6. Be3 Nf6 7. Nc3 O-O 8. Be2
d6 9. O-O Bd7 10. Qd2 Nxd4 11. Bxd4 Bc6 12. f3 a5 13. b3 Nd7 14. Bf2 Nc5 15.
Rab1 e6 16. Rfe1 Be5 17. Bd1 f5 18. exf5 Rxf5 19. Bc2 Rh5 20. f4 Bg7 21. Bd1 Rf5
22. Bg4 Rf8 23. Rbd1 Qf6 24. Bxc5 dxc5 25. Bxe6+ Kh8 26. Nd5 Qh4 27. g3 Qh5 28.
Qe2 Qh6 29. h4 Rae8 30. Qf3 g5 31. hxg5 Qxg5 32. Kg2 Qh6 33. f5 Bd4 34. Rh1 Qg5
35. Rh5 Qg7 36. Qe4 Rg8 37. Rh3 Bf6 38. Rdh1 Bg5 39. f6 h6 40. fxg7+ Kxg7 41.
Qe5+ Kg6 42. Rxh6+ Bxh6 43. Qf6+ 1-0

[Event "Titled Tue 26th Aug Early"]
[Site "chess.com INT"]
[Date "2025.08.26"]
[Round "6"]
[White "Naroditsky, Daniel"]
[Black "Kravtsiv, Martyn"]
[Result "1-0"]
[WhiteTitle "GM"]
[BlackTitle "GM"]
[WhiteElo "2619"]
[BlackElo "2598"]
[WhiteFideId "2026961"]
[BlackFideId "14113147"]
[EventDate "2025.08.26"]

1. d4 d5 2. c4 e6 3. Nc3 Nf6 4. cxd5 exd5 5. Bg5 Be7 6. Qc2 O-O 7. e3 h6 8. Bh4
Nbd7 9. Nf3 c6 10. Bd3 Re8 11. O-O Ne4 12. Bxe7 Qxe7 13. Rab1 a5 14. a3 Nd6 15.
b4 axb4 16. axb4 b5 17. Rfe1 Nf6 18. Ne5 Ra6 19. f4 Nfe4 20. Nxe4 dxe4 21. Bf1
Bb7 22. Qc5 f6 23. Ng6 Qe6 24. Be2 Bc8 25. Bh5 Nb7 26. Qc2 Qd5 27. Qd1 Nd6 28.
Rc1 Nc4 29. f5 Ra2 30. Nf4 Qxf5 31. Bxe8 Nxe3 32. Qb3+ Nc4 33. Qxa2 Qxf4 34.
Bxc6 Be6 35. Bxe4 Kh8 36. Qf2 1-0

[Event "Titled Tue 26th Aug Early"]
[Site "chess.com INT"]
[Date "2025.08.26"]
[Round "6"]
[White "Drozdowski, Kacper"]
[Black "Xiong, Jeffery"]
[Result "0-1"]
[WhiteTitle "IM"]
[BlackTitle "GM"]
[WhiteElo "2450"]
[BlackElo "2650"]
[WhiteFideId "1136720"]
[BlackFideId "2047640"]
[EventDate "2025.08.26"]

1. e4 c5 2. Nf3 d6 3. d4 Nf6 4. dxc5 Nxe4 5. cxd6 Nc6 6. Bd3 Nxd6 7. O-O Bg4 8.
Nbd2 e6 9. h3 Bh5 10. Ne4 Be7 11. Bf4 Nxe4 12. Bxe4 Qb6 13. Be3 Qc7 14. c3 O-O
15. Qc2 Bg6 16. Rad1 Rad8 17. Bxg6 hxg6 18. Rxd8 Rxd8 19. Rd1 b6 20. Rxd8+ Qxd8
21. Kf1 Qd5 22. c4 Qf5 23. Qxf5 gxf5 24. Ke2 e5 25. g3 f6 26. Nh4 f4 27. gxf4
exf4 28. Bd2 g5 29. Nf3 Kf7 30. Bc3 Bc5 31. a3 a5 32. Ne1 Ke6 33. Nd3 Bd4 34.
Bd2 a4 35. f3 Ne5 36. Nxe5 fxe5 37. Bc1 Kf6 38. Kd3 Kf5 39. Bd2 Bxb2 40. Bb4 Kg6
41. Ke4 Kh5 42. Bd6 Kh4 43. Be7 Kxh3 44. Bxg5 Bxa3 45. Bf6 Bb2 0-1

[Event "Titled Tue 26th Aug Early"]
[Site "chess.com INT"]
[Date "2025.08.26"]
[Round "6"]
[White "Ter-Sahakyan, Samvel"]
[Black "Dyachuk, Artem"]
[Result "1/2-1/2"]
[WhiteTitle "GM"]
[BlackTitle "FM"]
[WhiteElo "2611"]
[BlackElo "2298"]
[WhiteFideId "13302531"]
[BlackFideId "34107924"]
[EventDate "2025.08.26"]

1. e4 e5 2. Nf3 Nc6 3. Bb5 a6 4. Ba4 Bc5 5. c3 Nge7 6. d4 exd4 7. cxd4 Bb4+ 8.
Bd2 Bxd2+ 9. Qxd2 d5 10. exd5 Qxd5 11. Nc3 Qe6+ 12. Qe3 O-O 13. O-O Nd5 14. Nxd5
Qxd5 15. Bb3 Qd6 16. d5 Ne7 17. Rad1 Bg4 18. h3 Bxf3 19. Qxf3 Ng6 20. Rfe1 Rfe8
21. Qg3 Nf4 22. Kh2 h6 23. a3 b5 24. Ba2 g5 25. Kh1 Qf6 26. Qc3 Qxc3 27. bxc3
Kf8 28. c4 Ne2 29. Bb3 Nc3 30. Rxe8+ Rxe8 31. Rc1 Ne2 32. Rd1 Nc3 33. Rc1 Ne2
34. Rd1 Nc3 1/2-1/2

[Event "Titled Tue 26th Aug Early"]
[Site "chess.com INT"]
[Date "2025.08.26"]
[Round "6"]
[White "Droin, Augustin"]
[Black "Rogov, Matfey"]
[Result "1-0"]
[WhiteTitle "IM"]
[BlackTitle "FM"]
[WhiteElo "2481"]
[BlackElo "2348"]
[WhiteFideId "45105987"]
[BlackFideId "44191308"]
[EventDate "2025.08.26"]

1. e4 Nf6 2. e5 Nd5 3. d4 d6 4. Nf3 g6 5. Bc4 c6 6. exd6 Qxd6 7. O-O Bg7 8. Nbd2
O-O 9. Ne4 Qc7 10. h3 Bf5 11. Ng3 e6 12. Re1 Nd7 13. Bb3 b5 14. c3 Rad8 15. a4
a5 16. Bd2 N7b6 17. axb5 cxb5 18. Nxf5 exf5 19. Rxa5 Qc6 20. Ne5 Bxe5 21. Rxe5
Rfe8 22. Rxe8+ Rxe8 23. Qf1 Nc4 24. Bxc4 bxc4 25. Rc5 Qb7 26. Qxc4 Qxb2 27. Qb5
Qa1+ 28. Kh2 Nf6 29. Bg5 Re6 30. Bxf6 Rxf6 31. Qe8+ Kg7 32. Rc8 Re6 33. Qf8+ Kf6
34. h4 f4 35. Rc7 Kf5 36. Qxf7+ Rf6 37. Rc5+ Ke4 38. Qxf6 1-0

[Event "Titled Tue 26th Aug Early"]
[Site "chess.com INT"]
[Date "2025.08.26"]
[Round "6"]
[White "Poleg, Matan"]
[Black "Rabin, Evan"]
[Result "1-0"]
[WhiteTitle "FM"]
[WhiteElo "2277"]
[BlackElo "1945"]
[WhiteFideId "2811472"]
[BlackFideId "2028670"]
[EventDate "2025.08.26"]

1. e4 Nf6 2. e5 Nd5 3. d4 d6 4. c4 Nb6 5. exd6 cxd6 6. Nc3 g6 7. h3 Bg7 8. Nf3
O-O 9. Bd3 Nc6 10. Be3 d5 11. c5 Nc4 12. Bxc4 dxc4 13. d5 Nb4 14. O-O Bf5 15.
Bd4 Bd3 16. Bxg7 Kxg7 17. Ne5 Bxf1 18. Qxf1 Nxd5 19. Rd1 e6 20. Qxc4 Nxc3 21.
Rxd8 Raxd8 22. Qxc3 f6 23. Nc4 Rd5 24. Nd6 Rd8 25. b4 b6 26. Kh2 bxc5 27. bxc5
Rd7 28. Ne8+ Kf7 29. Nxf6 1-0

[Event "Titled Tue 26th Aug Early"]
[Site "chess.com INT"]
[Date "2025.08.26"]
[Round "6"]
[White "Pontes, Luiz Felizola Lima"]
[Black "Garcia Correa, Jose Ricardo"]
[Result "1-0"]
[BlackTitle "FM"]
[WhiteElo "1871"]
[BlackElo "2103"]
[WhiteFideId "44709919"]
[BlackFideId "5101832"]
[EventDate "2025.08.26"]

1. e4 e5 2. Nf3 Nc6 3. Bb5 Bc5 4. O-O Qf6 5. c3 Nge7 6. Nxe5 Qxe5 7. d4 Nxd4 8.
cxd4 Bxd4 9. Bf4 Qxf4 10. Qxd4 O-O 11. Nc3 c6 12. Bc4 d5 13. g3 Qg4 14. f3 Qh5
15. exd5 cxd5 16. Nxd5 Nc6 17. Qe3 Be6 18. Nf4 Qa5 19. Nxe6 fxe6 20. Qxe6+ Kh8
21. Kh1 Rae8 22. Qd5 Qb6 23. Rae1 Qxb2 24. Rxe8 Rxe8 25. Qf7 Rd8 26. Re1 h6 27.
Re8+ Rxe8 28. Qxe8+ Kh7 29. Bg8+ Kh8 30. Bf7+ Kh7 31. Qg8# 1-0

[Event "Titled Tue 26th Aug Early"]
[Site "chess.com INT"]
[Date "2025.08.26"]
[Round "6"]
[White "Banzea, Alexandru-Bogdan"]
[Black "Levi, Eddy L"]
[Result "1-0"]
[WhiteTitle "IM"]
[BlackTitle "FM"]
[WhiteElo "2394"]
[BlackElo "2147"]
[WhiteFideId "1232622"]
[BlackFideId "3200183"]
[EventDate "2025.08.26"]

1. d4 Nf6 2. Nc3 d5 3. Bf4 Bf5 4. f3 e6 5. g4 Bg6 6. h4 h5 7. g5 Nfd7 8. e3 Bd6
9. Nh3 Bf5 10. Bxd6 cxd6 11. Nf4 Nc6 12. Bd3 Bxd3 13. Qxd3 g6 14. O-O-O Qe7 15.
e4 dxe4 16. fxe4 O-O-O 17. Rhf1 Rhf8 18. Nfe2 f6 19. Nf4 Qe8 20. Qh3 f5 21. d5
exd5 22. exd5 Nce5 23. Ne6 Rf7 24. Nb5 Nf8 25. Nxd8 Qxd8 26. Qa3 Rd7 27. Qxa7
Re7 28. Qa8+ Kd7 29. Qxd8+ Kxd8 30. Nxd6 1-0